000 00225nam a2200109Ia 4500
100 _a#N/A
650 _aComputers
942 _cBK
245 _a3D STUDIO FOR BEGINNERS FROM THE MASTERS
260 _bComDex
546 _aENGLISH
999 _c22451
_d22451